Регионална библиотека "Любен Каравелов" - Русе

Курские песни (Запис номер 356714)

MARC детайли
000 -Лидер
Контролно поле с фиксирана дължина 01407ncm a2200349 a 4500
003 - Код на организацията, давaща контролен номер
Контролно поле BLK
005 - Дата и час на последна редакция
Контролно поле 20250127160905.0
008 - Елементи от данни с фиксирана дължина
fixed length control field 200409b bu ||||| |||| 00| 0 bu d
040 ## - Източник на каталожния запис
Идентификатор на билиотеката - собственик на записа BLK
041 ## - Код за език
Код за езика на текст/звукозапис или на отделно заглавие Руски
Код за езика КДБФ Руски
080 ## - УДК
Текстов определител УДК Камерна вок. муз. Песни, балади, арии, романси
УДК код - определител по УДК 784.3
УДК - код + определител 784.3
080 ## - УДК
Текстов определител УДК Хорове
УДК код - определител по УДК 78.087.68
УДК - код + определител 78.087.68
100 ## - Редна дума - Автор
R(LIN) 339424
Автор Свиридов, Георги Василиевич
Авторска отговорност първи автор
139 ## - Редно поле
Редна дума Свиридов, Георги Василиевич
Авторски знак Сви - С 26
245 ## - Сведения за заглавието
Заглавие Курские песни
Подзаглавни данни Для смешан. хора и симф. оркестра
Редно поле (дума) Георги Василиевич Свиридов ; Перелож. для пения с ф.-п. авт.
257 ## - Страна на издаване
Страна на създаване/издаване Русия
260 ## - Област на издателските данни
9 (RLIN) 402764
Място на издаване, разпространение и проч. Москва
Име на издателя, разпространителя и проч. Музыка
Година на издаване 1969
300 ## - Физическа характеристика
Страници 72 с.
Размери/Мащаб 29 см
380 ## - Жанр
Жанр Изкуство
500 ## - Общи забележки
Забележка Текст на англ. ез.
650 #7 - Допълнително описание по предмет – тема
9 (RLIN) 166108
Основно описание – тема или топоним Песни
650 #0 - Допълнително описание по предмет – тема
9 (RLIN) 354691
Основно описание – тема или топоним Хорови песни, различни състави
650 #0 - Допълнително описание по предмет – тема
9 (RLIN) 267007
Основно описание – тема или топоним Композитори, руски
650 #7 - Допълнително описание по предмет – тема
Основно описание – тема или топоним Пиано - съпровод
Източник на редна или ключова дума
9 (RLIN) 166264
653 #7 - Ключова дума – ненормативна
9 (RLIN) 193581
Ключова дума песни
653 #7 - Ключова дума – ненормативна
9 (RLIN) 200118
Ключова дума хорове
852 ## - Местоположение
Форматна сигнатура Цб М ІІ 5257
Фондова буква Хранилище
999 ## - СИСТЕМНИ КОНТРОЛНИ НОМЕРА
Koha biblionumber 356714
Koha biblioitemnumber 356714
942 ## - АРТИКУЛИ
Вид на библиотечния материал Нотни издания
Скрит в OPAC Не
Периодичен библиозапис Да
944 ## - СЪЗДАВАНЕ И РЕДАКЦИЯ на ЗАПИСА
Дата на регистрацията/редакция 2020-04-22
Служител, извършил регистрацията/редакцията 30560
Статус, дата на статуса Геновева Генчева
999 ## - СИСТЕМНИ КОНТРОЛНИ НОМЕРА
Koha biblioitemnumber 352765
999 ## - СИСТЕМНИ КОНТРОЛНИ НОМЕРА
Koha biblioitemnumber 352765
Наличности
Код за отписване Код за изгубен артикул Източник на класификационната схема Код за повреда Код за отдаване Артикулен № Име на библиотеката - собственик Име на библиотеката, в която се намира в момента Статус (Текущо местоположение) Дата на вписване в системата Местоположение - отдел Цена в лева Инвентарен номер Систематично азбучна сигнатура Баркод Цена в евро Служебен тип на артикула
  Не е изгубен Universal Decimal Classification Не е повреден ползва се в читалня 763768 Регионална библиотека "Любен Каравелов" Русе Регионална библиотека "Любен Каравелов" Русе Хранилище 2020-04-23 Хранилище 1.10 64512 Цб М ІІ 5257 120000064512 0.56 Нотни издания
Vip Innovations Ltd, Rousse, Bulgaria 2025